000 00314nam a22001457a 4500
008 210528b ||||| |||| 00| 0 eng d
020 _a9781943405329
041 _aeng
080 _a573
082 _a573
100 _a11
101 _aBIO
245 _aPrinciples of Biology
_cDynamic Books
942 _2udc
_cBK
999 _c57812
_d57812